Banner

Hola, química : (Record no. 1714)

MARC details
000 -LEADER
campo de control de longitud fija 01172nam a22002417a 4500
003 - IDENTIFICADOR DE NÚMERO DE CONTROL
campo de control CoMeUDC
005 - FECHA Y HORA DE LA ÚLTIMA TRANSACCIÓN
campo de control 20230601164447.0
008 - DATOS DE LONGITUD FIJA--INFORMACIÓN GENERAL
campo de control de longitud fija 230601b ||||| |||| 00| 0 eng d
020 ## - NÚMERO INTERNACIONAL ESTÁNDAR DEL LIBRO
Número Internacional Estándar del Libro 9580711739
020 ## - NÚMERO INTERNACIONAL ESTÁNDAR DEL LIBRO
Número Internacional Estándar del Libro 9580708681 (obra completa)
040 ## - FUENTE DE CATALOGACIÓN
Centro/agencia transcriptor CO-UdeC
Centro/agencia modificador CO-UdeC
Normas de descripción ISBD
-- RCAA
082 ## - NÚMERO DE LA CLASIFICACIÓN DECIMAL DEWEY
Número de clasificación 540
Número de ítem R436
100 ## - ENTRADA PRINCIPAL--NOMBRE DE PERSONA
9 (RLIN) 2374
Nombre de persona Restrepo Merino, Fabio
245 ## - MENCIÓN DEL TÍTULO
Título Hola, química :
Resto del título tomo 2 /
Mención de responsabilidad, etc. Fabio Restrepo Merino, Jairo Restrepo Merino.
260 ## - PUBLICACIÓN, DISTRIBUCIÓN, ETC.
Lugar de publicación, distribución, etc. Medellín :
Nombre del editor, distribuidor, etc. Susaeta ediciones,
Fecha de publicación, distribución, etc. 2003.
300 ## - DESCRIPCIÓN FÍSICA
Extensión 362 p. ;
Otras características físicas col,
Dimensiones 25 cm.
504 ## - NOTA DE BIBLIOGRAFÍA, ETC.
Nota de bibliografía, etc. Nota Incluye bibliografía.
505 ## - NOTA DE CONTENIDO CON FORMATO
Nota de contenido con formato Loe metales -- Los no metales y los metaloides -- Los compuestos orgánicos -- Los hidrocarburos alifáticos -- Los hidrocarburos aromáticos -- El petróleo y el gas natural -- Los alcoholes, fenoles y éteres -- Los aldehídos y las cetonas -- Los ácidos carboxílicos y los lípidos -- La isomería óptica y los carbohidratos -- Aminas, Aminoácidos y proteínas -- Nociones de bioquímica -- Plásticos, colorantes y otros materiales -- Química nuclear
546 ## - NOTA DE IDIOMA
Nota de lengua/lenguaje Español.
650 #0 - PUNTO DE ACCESO ADICIONAL DE MATERIA--TÉRMINO DE MATERIA
9 (RLIN) 1410
Término de materia o nombre geográfico como elemento de entrada Química
700 ## - ENTRADA AGREGADA--NOMBRE PERSONAL
9 (RLIN) 2376
Nombre de persona Restrepo Merino, Jairo
942 ## - ELEMENTOS DE ENTRADA SECUNDARIOS (KOHA)
Fuente del sistema de clasificación o colocación Clasificación Decimal Dewey
Tipo de ítem Koha Libros
Holdings
Estatus retirado Estado de pérdida Fuente del sistema de clasificación o colocación Estado de daño No para préstamo Colección Biblioteca de origen Biblioteca actual Fecha de adquisición Fuente de adquisición Signatura topográfica completa Código de barras Visto por última vez Copia número Precio de reemplazo Tipo de ítem Koha
    Clasificación Decimal Dewey     Colección general U DE COLOMBIA - Biblioteca U DE COLOMBIA - Biblioteca 01/06/2023 donación 540 R436h Vol. 2 003747 01/06/2023 1 01/06/2023 Libros


Biblioteca Académica Corporación Universitaria U DE COLOMBIA | Teléfono: +(57) (4) 2398080 ext. 1112 | E-mail: biblioteca@udecolombia.edu.co | Dirección: Calle 56 Nº 41 – 147 (Bolivia con Girardot)
Horario de atención: lunes a viernes 8:00 a.m. a 8:00 p.m. - sábados 8:00 a.m. a 4:00 p.m.
Implementado por Grupo EGS.

Powered by Koha